Aquatic Mammals - Picture Click Quiz - Statistics

General Stats
  • This quiz has been taken 1,846 times
  • The average score is 17 of 20
Answer Stats
Hint Extra Hint Answer % Correct
Polar bear
Ursus maritimus
95%
Sea otter
Enhydra lutris
93%
Narwhal
Monodon monoceros
93%
Orca
Orcinus orca
93%
Hippopotamus
Hippopotamus amphibius
93%
Walrus
Odobenus rosmarus
91%
Capybara
Hydrochoerus hydrochaeris
90%
Platypus
Ornithorhynchus anatinus
90%
Water shrew
Neomys fodiens
88%
Beaver
Castor canadensis
88%
Manatee
Trichechus manatus latirostris
86%
Sperm whale
Physeter macrocephalus
85%
Harbor / Common seal
Phoca vitulina
85%
Beluga whale
Delphinapterus leucas
84%
Humpback whale
Megaptera novaeangliae
80%
Bottlenose dolphin
Tursiops truncatus
79%
Elephant seal
Mirounga leonina
77%
Leopard seal
Hydrurga leptonyx
76%
Harbour porpoise
Phocoena phocoena
67%
Amazon river dolphin
Inia geoffrensis
64%
No matching quizzes found
Score Distribution
Percent of People with Each Score
Percentile by Number Answered
Your Score History
You have not taken this quiz